Příběhy věcí : 100 artefaktů za posledních 100 let /
Uloženo v:
| Další autoři: | |
|---|---|
| Médium: | Kniha |
| Jazyk: | Czech |
| Vydáno: |
V Praze :
Labyrint,
2017
|
| Vydání: | 1. vydání |
| Edice: | Magnus art (Labyrint)
|
| Témata: | |
| Celkem bylo vypůjčeno: | 3x |
| Tagy: |
Žádné tagy |
| LEADER | 02717cam a2200673 i 4500 | ||
|---|---|---|---|
| 001 | 89793 | ||
| 003 | CZ PrNK | ||
| 005 | 20240330065450.0 | ||
| 007 | ta | ||
| 008 | 171205s2017 xr ach e f 000 0dcze d | ||
| 015 | |a cnb002964594 | ||
| 999 | |c 89793 |d 89793 | ||
| 020 | |a 9788087260906 |q (Labyrint ; |q vázáno) | ||
| 040 | |a KLG001 |b cze |d BOA001 |e rda | ||
| 072 | 7 | |a 316.7 |x Sociologie kultury. Kulturní život |2 Konspekt |9 1 | |
| 080 | |a 316.3 |2 MRF | ||
| 080 | |a 316.728 |2 MRF | ||
| 080 | |a 316.728 |2 MRF | ||
| 080 | |a 0/9 |2 MRF | ||
| 080 | |a (437.3) |2 MRF | ||
| 080 | |a (437) |2 MRF | ||
| 080 | |a (048.8) |2 MRF | ||
| 080 | |a (0.062) |2 MRF | ||
| 245 | 0 | 0 | |a Příběhy věcí : |b 100 artefaktů za posledních 100 let / |c Petra Nováková (ed.) |
| 250 | |a 1. vydání | ||
| 264 | 1 | |a V Praze : |b Labyrint, |c 2017 | |
| 300 | |a 253 stran : |b ilustrace (převážně barevné), portréty, faksimile ; |c 33 cm | ||
| 336 | |a text |b txt |2 rdacontent | ||
| 336 | |a statický obraz |b sti |2 rdacontent | ||
| 337 | |a bez média |b n |2 rdamedia | ||
| 338 | |a svazek |b nc |2 rdacarrier | ||
| 490 | 1 | |a Magnus art | |
| 648 | 4 | |a 1918-2017 | |
| 648 | 7 | |a 20.-21. století |7 ch462155 |2 czenas |9 53009 | |
| 650 | 0 | 7 | |a společnost |7 ph116245 |z Česko |y 20.-21. století |2 czenas |
| 650 | 0 | 7 | |a společnost |7 ph116245 |z Československo |2 czenas |
| 650 | 0 | 7 | |a kultura |7 ph122009 |z Česko |y 20.-21. století |2 czenas |
| 650 | 0 | 7 | |a kultura |7 ph122009 |z Československo |2 czenas |
| 650 | 0 | 7 | |a životní styl |7 ph136586 |z Česko |y 20.-21. století |2 czenas |
| 650 | 0 | 7 | |a životní styl |7 ph136586 |z Československo |2 czenas |
| 650 | 0 | 7 | |a všeobecnosti a zajímavosti |7 ph116736 |z Česko |y 20.-21. století |2 czenas |
| 650 | 0 | 7 | |a všeobecnosti a zajímavosti |7 ph116736 |z Československo |2 czenas |
| 650 | 0 | 9 | |a society |z Czechia |y 20th-21st centuries |2 eczenas |
| 650 | 0 | 9 | |a society |z Czechoslovakia |2 eczenas |
| 650 | 0 | 9 | |a culture |z Czechia |y 20th-21st centuries |2 eczenas |
| 650 | 0 | 9 | |a culture |z Czechoslovakia |2 eczenas |
| 650 | 0 | 9 | |a life style |z Czechia |y 20th-21st centuries |2 eczenas |
| 650 | 0 | 9 | |a life style |z Czechoslovakia |2 eczenas |
| 650 | 0 | 9 | |a facts and features |z Czechia |y 20th-21st centuries |2 eczenas |
| 650 | 0 | 9 | |a facts and features |z Czechoslovakia |2 eczenas |
| 655 | 7 | |a přehledy |7 fd133202 |2 czenas | |
| 655 | 7 | |a populárně-naučné publikace |7 fd131864 |2 czenas | |
| 655 | 9 | |a surveys |2 eczenas | |
| 655 | 9 | |a popular works |2 eczenas | |
| 700 | 1 | |a Nováková, Petra, |d 1986- |7 xx0219560 |4 edt |9 109357 | |
| 830 | 0 | |a Magnus art (Labyrint) | |
| 910 | |a UOG502 | ||
| 942 | |2 ddc |c KN | ||
| 993 | |0 0 |1 421180090302 |2 ddc |4 0 |6 316_000000000000000 |7 0 |9 76266 |b 0 |c 90302 |d 2019-01-17 |e 3 |f DOSP |g 316 |h 590.00 |i Koupě |l DOSP |m 2 |r 2024-11-28 |s 2024-10-09 |t 5 |w 2019-01-17 |y KN |z NAUCNA | ||